Is it in New York? Sudden Death & Wammies - Statistics

General Stats
  • This quiz has been taken 63 times
  • The average score is 18 of 21
Answers on the Grid
Answers color-coded by a green-red scale on the quiz's grid according to % correct below.
Albany
Acadia National Park
Buffalo
LaGuardia Airport
Philadelphia
West Point
Yonkers
Rochester
Harvard University
Newark
a border with Canada
Syracuse
Niagara Falls
The Magnificent Mile
Finger Lakes
Hudson River
Big Ben
Statue of Liberty
Greenwich Village
Liberty Bell
O'Hare Airport
Ohio River
Lake Erie
nine native tribes
Lake Champlain
Chimney Rock
The Bronx
Times Square
The Sept. 11 Memorial
Golden Gate Bridge
Harlem
United Nations Headquarters
 
Answer Stats
Answer % Correct
The Bronx
98%
Hudson River
96%
The Sept. 11 Memorial
96%
Times Square
96%
Statue of Liberty
94%
Harlem
93%
Albany
91%
a border with Canada
89%
Syracuse
89%
LaGuardia Airport
87%
United Nations Headquarters
87%
Yonkers
87%
Rochester
85%
Buffalo
83%
Niagara Falls
83%
Greenwich Village
81%
Finger Lakes
70%
Lake Champlain
70%
nine native tribes
70%
West Point
69%
Lake Erie
65%
No matching quizzes found
Score Distribution
Percent of People with Each Score
Percentile by Number Answered
Your Score History
You have not taken this quiz